| 000 | 00860nam a22002417a 4500 | ||
|---|---|---|---|
| 003 | 0 | ||
| 005 | 20250901154749.0 | ||
| 008 | 250901b xxu||||| |||| 00| 0 eng d | ||
| 020 | _a978-1-266-28702-2 | ||
| 050 |
_aGV 341 _b.F57 2024 |
||
| 100 |
_aFisette, Jennifer L. Walton-, _eauthor. |
||
| 245 |
_aFoundations of physical education, exercise science, and sport / _cJennifer L. Walton-Fisette and Deborah A. Wuest. |
||
| 260 |
_aNew York, NY : _bMcGraw Hill LLC, _c2024. |
||
| 300 |
_axvi, 444 pages : _billustrations ; _c24 cm. |
||
| 504 | _aIncludes bibliographical references and index. | ||
| 650 | _aPhysical education and training. | ||
| 650 |
_aExercise _xPhysiological aspects. |
||
| 650 |
_aSports _xPhysiological aspects. |
||
| 650 | _aKinesiology. | ||
| 650 | _aExercise science. | ||
| 700 |
_aWuest, Deborah A., _eauthor. |
||
| 942 |
_2lcc _cBK |
||
| 999 |
_c367734 _d367734 |
||